General Zoology (Record no. 23755)

MARC details
000 -LEADER
fixed length control field 00623nam a22002297a 4500
003 - CONTROL NUMBER IDENTIFIER
control field OSt
005 - DATE AND TIME OF LATEST TRANSACTION
control field 20260609162436.0
008 - FIXED-LENGTH DATA ELEMENTS--GENERAL INFORMATION
fixed length control field 260609b |||||||| |||| 00| 0 eng d
020 ## - INTERNATIONAL STANDARD BOOK NUMBER
International Standard Book Number 07-061776-7
040 ## - CATALOGING SOURCE
Transcribing agency Chuka University Library
050 ## - LIBRARY OF CONGRESS CALL NUMBER
Classification number QL 351 .S76 1972
100 ## - MAIN ENTRY--PERSONAL NAME
Personal name Storer I. Tracy
9 (RLIN) 28137
245 ## - TITLE STATEMENT
Title General Zoology
250 ## - EDITION STATEMENT
Edition statement 5th ED
260 ## - PUBLICATION, DISTRIBUTION, ETC.
Place of publication, distribution, etc. USA
Name of publisher, distributor, etc. McGraw-Hill
Date of publication, distribution, etc. 1972
300 ## - PHYSICAL DESCRIPTION
Extent vii, 899P
Other physical details Illustrations, Index and Preface
650 ## - SUBJECT ADDED ENTRY--TOPICAL TERM
Topical term or geographic name entry element Biology
700 ## - ADDED ENTRY--PERSONAL NAME
Personal name Usinger L. Robert
9 (RLIN) 28138
700 ## - ADDED ENTRY--PERSONAL NAME
Personal name Stebbins C. Robert
9 (RLIN) 28139
700 ## - ADDED ENTRY--PERSONAL NAME
Personal name Nybakken W. James
9 (RLIN) 28140
942 ## - ADDED ENTRY ELEMENTS (KOHA)
Source of classification or shelving scheme Library of Congress Classification
Koha item type Long Loan Books
Suppress in OPAC No
Holdings
Withdrawn status Lost status Source of classification or shelving scheme Damaged status Not for loan Collection Home library Current library Shelving location Date acquired Source of acquisition Cost, normal purchase price Total Checkouts Full call number Barcode Date last seen Price effective from Koha item type
    Library of Congress Classification     General Collection Books Main Campus Library Main Campus Library General Stacks 10/07/2025 Donation From Books For Africa 4260.00   QL 351 .S76 1972 33732/2026 09/06/2026 09/06/2026 Long Loan Books

Powered by Koha